000 00306nam a22001337a 4500
008 171031b xxu||||| |||| 00| 0 eng d
020 _a9780538879026
041 _aeng
080 _26 ED
_a33
100 _a59
101 _aBUS
245 _aORGANIZATION THEORY AND DESIGN
_cDAFT.R.L
942 _2udc
_cBK
999 _c36876
_d36876